000
00185nam a22000857a 4500
001
1244097
005
20251017154908.0
245
_a
AMENTÜ
_c
EMİNE TAŞGETİREN
260
_b
ALTIN YAYINLARI
999
_c
1244097
_d
1244097